| 000 | 00525nam a22002177a 4500 | ||
|---|---|---|---|
| 999 |
_c8769 _d8769 |
||
| 001 | 8769 | ||
| 003 | BD-JhCC | ||
| 005 | 20181006131005.0 | ||
| 008 | 180303s1964 b p|||| |||| 00| 0 eng d | ||
| 035 | _a(BD-JhCC) 8769 | ||
| 040 |
_aBD-JhCC _dBD-JhCC |
||
| 041 | _aeng | ||
| 082 |
_a530 _bQUS 1964 |
||
| 100 | _aQuasem, M. M | ||
| 245 |
_aNew Physics / _bM. A. Quasem |
||
| 260 |
_aDhaka : _bkamrul hasan brather _cQUA 1664 |
||
| 300 |
_a437. P : _bIll _c21 cm |
||
| 650 | _aPhysics | ||
| 942 |
_2ddc _cBK |
||